[Event "8 Player Open 15"]
[Site "SchemingMind.com"]
[Date "2014.10.23"]
[Round "-"]
[White "emvarela"]
[Black "smothered mate"]
[Result "0-1"]
[WhiteCountry "ARG"]
[BlackCountry "POL"]
[WhiteElo "1695"]
[WhiteRD "49"]
[BlackElo "1962"]
[BlackRD "66"]
[GameID "367330"]

1. e4 e6 2. d4 d5 3. Nc3 dxe4 4. Nxe4 Nd7 5. Nf3 Ngf6 6. Nxf6+ Nxf6 7. c4 Bb4+ 8. Bd2 Qe7 9. Bxb4 Qxb4+ 10. Qd2 Qe7
11. Bd3 Bd7 12. O-O O-O 13. a3 h6 14. b4 Rfd8 15. Qf4 Bc6 16. Ne5 Be8 17. Rad1 a5 18. c5 axb4 19. axb4 Nd5 20. Qe4 f5
21. Qf3 Nxb4 22. Bc4 Nd5 23. Bxd5 Rxd5 24. Rd3 Bb5 25. Ng6 Qg5
0-1

[Event "8 Player Open 15"]
[Site "SchemingMind.com"]
[Date "2014.10.23"]
[Round "-"]
[White "emvarela"]
[Black "Scooter"]
[Result "0-1"]
[WhiteCountry "ARG"]
[BlackCountry "USA"]
[WhiteElo "1695"]
[WhiteRD "49"]
[BlackElo "1778"]
[BlackRD "45"]
[GameID "367331"]

1. e4 c6 2. d4 d5 3. Nc3 dxe4 4. Nxe4 Bf5 5. Ng3 Bg6 6. h4 h6 7. Nf3 Nd7 8. h5 Bh7 9. Bd3 Bxd3 10. Qxd3 Qc7
11. Bd2 Ngf6 12. O-O-O e6 13. Ne5 Nxe5 14. dxe5 Qxe5 15. Rhe1 Qd6 16. Qxd6 Bxd6 17. Bc3 O-O-O 18. Bxf6 Bf4+ 19. Kb1 Rxd1+ 20. Rxd1 gxf6
21. Ne4 f5 22. g3 fxe4 23. gxf4 Rd8 24. Kc1 Rxd1+ 25. Kxd1 Kd7 26. Kd2 Kd6 27. Ke3 f5 28. b3 Kd5 29. c3 b5 30. a3 a5
31. f3 exf3 32. Kxf3 c5 33. Ke3 e5 34. fxe5 Kxe5 35. Kf3 f4 36. b4 cxb4 37. cxb4 a4
0-1

[Event "8 Player Open 15"]
[Site "SchemingMind.com"]
[Date "2014.10.23"]
[Round "-"]
[White "Scooter"]
[Black "emvarela"]
[Result "0-1"]
[WhiteCountry "USA"]
[BlackCountry "ARG"]
[WhiteElo "1731"]
[WhiteRD "44"]
[BlackElo "1693"]
[BlackRD "51"]
[GameID "367332"]

1. d4 Nf6 2. Nf3 d5 3. Bf4 e6 4. e3 Bd6 5. Bxd6 Qxd6 6. c3 O-O 7. Be2 c5 8. O-O cxd4 9. cxd4 Nc6 10. a3 e5
11. dxe5 Nxe5 12. Nbd2 Nxf3+ 13. Nxf3 Be6 14. Rc1 Rac8 15. b4 Rxc1 16. Qxc1 Rc8 17. Qd2 Ne4 18. Qd4 Nc3 19. Qd2 Nxe2+ 20. Qxe2 Bg4
21. h3 Bxf3 22. Qxf3 Rc3 23. Qg4 g6 24. Rd1 f5 25. Qd4 Rxa3 26. Qxd5+ Qxd5 27. Rxd5 b6 28. b5 Kg7 29. Rd7+ Kh6 30. h4 Ra5
31. Kf1 Rxb5 32. Rxa7 Rb1+ 33. Ke2 b5 34. Rb7 b4 35. f4 b3 36. Kf2 b2 37. Kg3 Re1 38. Rxb2 Rxe3+ 39. Kh2 Kh5 40. g3 Kg4
41. Rg2 h6 42. Rd2 Rxg3
0-1

[Event "8 Player Open 15"]
[Site "SchemingMind.com"]
[Date "2014.10.18"]
[Round "-"]
[White "Archon"]
[Black "Melancholicus"]
[Result "1-0"]
[WhiteCountry "CAN"]
[BlackCountry "POL"]
[WhiteElo "1730"]
[WhiteRD "75"]
[BlackElo "1322"]
[BlackRD "119"]
[GameID "367365"]

1. Nf3 d5 2. e3 Nf6 3. c4 c6 4. Nc3 e6 5. b3 Nbd7 6. Qc2 dxc4 7. bxc4 Be7 8. d4 O-O 9. Bd3 b6 10. Bb2 Bb7
11. O-O c5 12. Ne4 Nxe4 13. Bxe4 Bxe4 14. Qxe4
1-0

[Event "8 Player Open 15"]
[Site "SchemingMind.com"]
[Date "2014.10.18"]
[Round "-"]
[White "Melancholicus"]
[Black "Archon"]
[Result "0-1"]
[WhiteCountry "POL"]
[BlackCountry "CAN"]
[WhiteElo "1322"]
[WhiteRD "119"]
[BlackElo "1730"]
[BlackRD "75"]
[GameID "367366"]

1. d4 d6 2. c4 e5 3. dxe5 dxe5 4. Qxd8+ Kxd8 5. Nf3 f6 6. Nc3 Be6 7. Be3 c6 8. O-O-O+ Kc7 9. b3 Bb4 10. Na4 Nd7
11. g3 Ne7 12. Bd2 Bxd2+ 13. Nxd2 Rad8 14. Bg2 Bf7 15. e4 Nb6
0-1

[Event "8 Player Open 15"]
[Site "SchemingMind.com"]
[Date "2014.10.18"]
[Round "-"]
[White "e7e5"]
[Black "Melancholicus"]
[Result "1-0"]
[WhiteCountry "POL"]
[BlackCountry "POL"]
[WhiteElo "1433"]
[WhiteRD "80"]
[BlackElo "1322"]
[BlackRD "119"]
[GameID "367367"]

1. e4 e6 2. d4 d5 3. exd5 exd5 4. Nf3 Nf6 5. Be2 Bd6 6. Bg5 O-O 7. O-O Bg4 8. Nc3 c6 9. Ne5 Bxe2 10. Nxe2 h6
11. Bh4 Re8 12. Ng4 Nbd7 13. f3 g5 14. Bg3 Bxg3 15. Nxg3 Nxg4 16. fxg4 Qe7 17. Nf5 Qe6 18. Re1 Qf6 19. Rf1 Qg6 20. Re1
1-0

[Event "8 Player Open 15"]
[Site "SchemingMind.com"]
[Date "2014.10.18"]
[Round "-"]
[White "Melancholicus"]
[Black "e7e5"]
[Result "1-0"]
[WhiteCountry "POL"]
[BlackCountry "POL"]
[WhiteElo "1691"]
[WhiteRD "258"]
[BlackElo "1431"]
[BlackRD "76"]
[GameID "367368"]

1. d4 d5 2. c4 e6 3. Nc3 Bb4 4. Qc2 Nf6 5. a3 Ba5 6. b4 c5 7. bxa5 Qxa5 8. dxc5 Qxc5 9. cxd5 Nxd5 10. Bb2 Nc6
11. e4 Nb6 12. Rc1 Nd4 13. Qd3 O-O 14. Nd5 Qd6 15. Qxd4 exd5 16. Qxg7#
1-0

[Event "8 Player Open 15"]
[Site "SchemingMind.com"]
[Date "2014.10.18"]
[Round "-"]
[White "Eric111"]
[Black "Melancholicus"]
[Result "1-0"]
[WhiteCountry "USA"]
[BlackCountry "POL"]
[WhiteElo "1468"]
[WhiteRD "48"]
[BlackElo "1322"]
[BlackRD "119"]
[GameID "367369"]

1. d4 e6 2. c4 d5 3. e3 Nf6 4. Nc3 c6 5. Qc2 Nbd7 6. Bd3 dxc4 7. Bxc4 Nb6 8. Bd3 Nbd5 9. Nf3 Bb4 10. Bd2 Nxc3
11. Bxc3 Bxc3+ 12. bxc3 O-O 13. O-O Bd7 14. a4 Re8 15. Ne5 h6 16. Nxd7 Qxd7 17. Rab1 b6 18. e4 Rad8 19. e5 Nd5 20. Rfe1 Rc8
21. Qd2 c5 22. Bb5 Qe7 23. Bxe8 Qxe8 24. h3 Qxa4 25. Ra1 cxd4 26. Rxa4 dxc3 27. Qc2 a5 28. Rb1 Nb4 29. Raxb4
1-0

[Event "8 Player Open 15"]
[Site "SchemingMind.com"]
[Date "2014.10.18"]
[Round "-"]
[White "Melancholicus"]
[Black "Eric111"]
[Result "0-1"]
[WhiteCountry "POL"]
[BlackCountry "USA"]
[WhiteElo "1322"]
[WhiteRD "119"]
[BlackElo "1468"]
[BlackRD "48"]
[GameID "367370"]

1. d4 d5 2. c4 Nf6 3. Nc3 g6 4. Nf3 Bg7 5. cxd5 Nxd5 6. e4 Nxc3 7. bxc3 c5 8. Bb5+ Nc6 9. Bb2 cxd4 10. cxd4 Qa5+
11. Qd2 Qxb5 12. Rb1 Qa5 13. Bc3 Qc7 14. O-O O-O 15. Rfc1 Qb8 16. d5 Ne5 17. Qb2 Nxf3+ 18. gxf3 Bxc3 19. Qxc3 Bh3 20. Qc7 Qxc7
21. Rxc7 b6 22. Rxe7 Rfe8 23. Rc7 Rec8 24. Rbc1 a5 25. f4 Rxc7 26. Rxc7 Rb8 27. d6 Rd8 28. e5 b5
0-1

[Event "8 Player Open 15"]
[Site "SchemingMind.com"]
[Date "2014.10.19"]
[Round "-"]
[White "Scooter"]
[Black "Melancholicus"]
[Result "1-0"]
[WhiteCountry "USA"]
[BlackCountry "POL"]
[WhiteElo "1759"]
[WhiteRD "48"]
[BlackElo "1322"]
[BlackRD "119"]
[GameID "367375"]

1. d4 e6 2. Nf3 Nf6 3. Bg5 d5 4. e3 c5 5. Bb5+ Nc6 6. c3 Bd7 7. O-O Be7 8. Nbd2 O-O 9. Bxc6 Bxc6 10. Ne5 h6
11. Nxc6 bxc6 12. Bf4 Bd6 13. Bxd6 Qxd6 14. Re1
1-0

[Event "8 Player Open 15"]
[Site "SchemingMind.com"]
[Date "2014.10.19"]
[Round "-"]
[White "Melancholicus"]
[Black "Scooter"]
[Result "0-1"]
[WhiteCountry "POL"]
[BlackCountry "USA"]
[WhiteElo "1322"]
[WhiteRD "119"]
[BlackElo "1759"]
[BlackRD "48"]
[GameID "367376"]

1. d4 Nf6 2. c4 g6 3. Nc3 Bg7 4. Nf3 O-O 5. e4 d6 6. Be2 Bg4 7. O-O Nbd7 8. h3 Bxf3 9. Bxf3 e5 10. Be3 exd4
11. Bxd4 Re8 12. Re1 Ne5 13. Bxe5 Rxe5
0-1

[Event "8 Player Open 15"]
[Site "SchemingMind.com"]
[Date "2014.10.19"]
[Round "-"]
[White "Archon"]
[Black "Mastermind_13"]
[Result "0-1"]
[WhiteCountry "CAN"]
[BlackCountry "USA"]
[WhiteElo "1688"]
[WhiteRD "68"]
[BlackElo "1661"]
[BlackRD "158"]
[GameID "367425"]

1. Nf3 d5 2. e3 Nf6 3. b3 e6 4. Bb2 Be7 5. c4 O-O 6. Be2 c6 7. O-O Nbd7 8. Nc3 Re8 9. cxd5 exd5 10. d4 Nf8
11. Ne5 Ng6 12. Nxg6 hxg6 13. a3 Bf5 14. b4 a5 15. b5 Ne4 16. bxc6 bxc6 17. Nxe4 Bxe4 18. Rc1 Qb6 19. Qd2 Reb8 20. Bc3 Bxa3
21. Ra1 Bb4 22. f3 Bf5 23. g4 Bd7 24. Rfb1 Bxc3 25. Rxb6 Bxd2 26. Rxb8+ Rxb8 27. Kf2 Re8
0-1

[Event "8 Player Open 15"]
[Site "SchemingMind.com"]
[Date "2014.10.19"]
[Round "-"]
[White "Mastermind_13"]
[Black "Archon"]
[Result "1/2-1/2"]
[WhiteCountry "USA"]
[BlackCountry "CAN"]
[WhiteElo "1729"]
[WhiteRD "106"]
[BlackElo "1710"]
[BlackRD "70"]
[GameID "367426"]

1. e4 d6 2. d4 Nf6 3. Nc3 g6 4. Nf3 Bg7 5. h3 O-O 6. Be3 c6 7. Qd2 Nbd7 8. O-O-O Qc7 9. Bc4 e5 10. Bh6 Nb6
11. Bb3 Be6 12. Bxg7 Kxg7 13. Ng5 Bxb3 14. cxb3 a5 15. dxe5 dxe5 16. Qd6 Rac8 17. Nf3 Nbd7 18. Rd3 Rfd8 19. Qxc7 Rxc7 20. Nxe5 Rcc8
21. Nxd7 Rxd7 22. Rhd1 Rxd3 23. Rxd3 Rc7 24. Kd2 Re7 25. f3 Nh5 26. Ne2 Nf6 27. Nc3 Nh5 28. Ne2 Nf6 29. Nc3 Nh5
1/2-1/2

[Event "8 Player Open 15"]
[Site "SchemingMind.com"]
[Date "2014.10.19"]
[Round "-"]
[White "e7e5"]
[Black "Mastermind_13"]
[Result "0-1"]
[WhiteCountry "POL"]
[BlackCountry "USA"]
[WhiteElo "1420"]
[WhiteRD "75"]
[BlackElo "1729"]
[BlackRD "106"]
[GameID "367427"]

1. b4 d5 2. Bb2 e6 3. d3 Bxb4+ 4. Nd2 Nf6 5. c3 Be7 6. e4 dxe4 7. dxe4 O-O 8. Bc4 Nbd7 9. Ngf3 b6 10. O-O Bb7
11. Qe2 Nc5 12. Qe3 Ncxe4 13. Nxe4 Bxe4 14. Rad1 Qc8 15. Qe2 Bb7 16. Ne5 c5 17. Nf3 Qc7 18. Bc1 Rad8 19. Bd3 Nd5 20. c4 Nc3
21. Qc2 Nxd1 22. Qxd1 Be4 23. Ne1 Bxd3 24. Nxd3 e5 25. Qc2 e4 26. Nf4 Bg5 27. Qxe4 Rfe8 28. Qf5 Bxf4 29. Bxf4 Qe7 30. Qg4 Qe4
31. f3 Qxc4 32. Rc1 Qe2 33. Bh6 Rd1+ 34. Rxd1 Qxd1+ 35. Kf2 Qe1#
0-1

[Event "8 Player Open 15"]
[Site "SchemingMind.com"]
[Date "2014.10.19"]
[Round "-"]
[White "Mastermind_13"]
[Black "e7e5"]
[Result "1-0"]
[WhiteCountry "USA"]
[BlackCountry "POL"]
[WhiteElo "1729"]
[WhiteRD "106"]
[BlackElo "1420"]
[BlackRD "75"]
[GameID "367428"]

1. e4 e5 2. Nf3 d6 3. d4 exd4 4. Nxd4 c5 5. Nb3 Be6 6. Nc3 c4 7. Nd4 Bd7 8. Bxc4 Nf6 9. O-O Nc6 10. Bg5 Be7
11. Re1 Nxd4 12. Qxd4 O-O 13. f4 Qc7 14. Bb3 Bc6 15. Rad1 a6 16. Bxf6 Bxf6 17. Qxd6 Qb6+ 18. Kh1 Rad8 19. Qa3 Qc7 20. Qb4 Be7
21. Qc4 b5 22. Qf1 Bd6 23. e5 Bc5 24. Rd3 Bb4 25. Red1 a5 26. a3 Bc5 27. Rxd8 Rxd8 28. Rxd8+ Qxd8 29. Qd3 Qe7 30. Nxb5 h6
31. Nd4 Bb7 32. c3 Qh4 33. Qg3 Qe7 34. Nf5 Qf8 35. Nxh6+ Kh8 36. Nxf7+ Kh7 37. Qh4+ Kg6 38. Qg5+ Kh7 39. Qh5+ Kg8 40. Qh8#
1-0

[Event "8 Player Open 15"]
[Site "SchemingMind.com"]
[Date "2014.10.19"]
[Round "-"]
[White "Eric111"]
[Black "Mastermind_13"]
[Result "0-1"]
[WhiteCountry "USA"]
[BlackCountry "USA"]
[WhiteElo "1483"]
[WhiteRD "46"]
[BlackElo "1661"]
[BlackRD "158"]
[GameID "367429"]

1. d4 d5 2. c4 c6 3. e3 Nf6 4. Nc3 e6 5. Qc2 Nbd7 6. Nf3 Bd6 7. h3 O-O 8. Bd3 dxc4 9. Bxc4 b5 10. Bd3 a6
11. a3 Bb7 12. b4 Nb6 13. O-O Rc8 14. Ne4 Nbd5 15. Nxd6 Qxd6 16. Bb2 Nb6 17. Be2 Na4 18. Rfc1 Nxb2 19. Qxb2 Nd7 20. Qc2 Rfd8
21. Ng5 g6 22. Qe4 Qe7 23. Qh4 h5 24. Bxh5 gxh5 25. Qxh5 f6 26. Qg6+ Qg7 27. Qxg7+ Kxg7 28. Nxe6+ Kf7 29. Nxd8+ Rxd8 30. g4 Nb6
31. f4 Nc4 32. Kf2 Re8 33. Re1 Bc8 34. Kf3 Be6 35. h4 Bd5+ 36. Kf2 Nb2 37. Rg1 Nc4 38. Rge1 Nb2 39. Ke2 Nc4 40. Kd3 Be4+
41. Ke2 Rh8 42. g5 Rxh4 43. gxf6 Rh2+ 44. Kf1 Kxf6 45. Kg1 Rg2+ 46. Kf1 Nd2#
0-1

[Event "8 Player Open 15"]
[Site "SchemingMind.com"]
[Date "2014.10.19"]
[Round "-"]
[White "Mastermind_13"]
[Black "Eric111"]
[Result "1/2-1/2"]
[WhiteCountry "USA"]
[BlackCountry "USA"]
[WhiteElo "1661"]
[WhiteRD "158"]
[BlackElo "1483"]
[BlackRD "46"]
[GameID "367430"]

1. e4 c6 2. d4 d5 3. Nc3 dxe4 4. Nxe4 Bf5 5. Ng3 Bg6 6. h4 h6 7. h5 Bh7 8. Nf3 Nd7 9. Bd3 Bxd3 10. Qxd3 e6
11. Bd2 Ngf6 12. O-O-O Qb6 13. Ne4 Nxe4 14. Qxe4 Bd6 15. Qg4 Rg8 16. Bxh6 Bf8 17. Be3 Nf6 18. Qg5 Nh7 19. Qe5 Rd8 20. d5 Qb5
21. dxe6 Qxe5 22. Rxd8+ Kxd8 23. Nxe5 fxe6 24. Rd1+ Kc8 25. Nf7 Be7 26. Ne5 Nf6 27. g4 a6 28. f3 Nd5 29. Bd2 Bc5 30. c4 Nf6
31. Nd3 Nd7 32. b4 Be7 33. Kc2 b6 34. a4 c5 35. b5 axb5 36. axb5 Bf6 37. Nf4 Re8 38. Bc3 e5 39. Nd5 Kb7 40. Ne3 Kc7
41. Ra1 Kb7 42. Nf5 Rg8 43. Nd6+ Kb8 44. Rd1 Kc7 45. Ne4 Rf8 46. Ra1 Kb8 47. Rd1 Kc7 48. Ra1 Kb8=
1/2-1/2

[Event "8 Player Open 15"]
[Site "SchemingMind.com"]
[Date "2014.10.24"]
[Round "-"]
[White "smothered mate"]
[Black "Mastermind_13"]
[Result "1-0"]
[WhiteCountry "POL"]
[BlackCountry "USA"]
[WhiteElo "1946"]
[WhiteRD "75"]
[BlackElo "1729"]
[BlackRD "106"]
[GameID "367431"]

1. e4 c5 2. Nf3 e6 3. d4 cxd4 4. c3 d6 5. cxd4 Nc6 6. Nc3 Nf6 7. Bd3 Be7 8. O-O O-O 9. a3 Bd7 10. h3 h6
11. Be3 Rc8 12. Rc1 a6 13. Bb1 Qa5 14. Qd3 e5 15. Nd5 Rfe8 16. dxe5 Nxe5 17. Nxe5 dxe5 18. Nxf6+ Bxf6 19. Qxd7 Rcd8 20. Qf5 Rd6
21. Rc8 Rdd8 22. Rfc1 Rxc8 23. Rxc8 Rxc8 24. Qxc8+ Kh7 25. Qc3 Qd8 26. Qd2 Qe7 27. b4 b5 28. Bc5 Bg5 29. Qd5
1-0

[Event "8 Player Open 15"]
[Site "SchemingMind.com"]
[Date "2014.10.24"]
[Round "-"]
[White "Mastermind_13"]
[Black "smothered mate"]
[Result "0-1"]
[WhiteCountry "USA"]
[BlackCountry "POL"]
[WhiteElo "1708"]
[WhiteRD "78"]
[BlackElo "2001"]
[BlackRD "72"]
[GameID "367432"]

1. e4 e6 2. d4 d5 3. Nc3 Bb4 4. e5 c5 5. a3 Bxc3+ 6. bxc3 Ne7 7. Nf3 Nbc6 8. Be2 O-O 9. O-O f6 10. exf6 gxf6
11. Bb5 Bd7 12. Re1 Kh8 13. Bf4 Nf5 14. Bxc6 bxc6 15. Rb1 Rg8 16. Qd2 Qe8 17. Rb7 Qg6 18. Bg3 Rg7 19. Reb1 Nxg3 20. hxg3 a5
21. Rb8+ Rxb8 22. Rxb8+ Rg8 23. Qf4 Rxb8 24. Qxb8+ Qe8 25. Qxe8+ Bxe8 26. Kf1 Bg6 27. Ne1 Kg7 28. Ke2 e5 29. Ke3 Kf7 30. f4 Ke6
31. fxe5 fxe5 32. dxe5 Kxe5 33. Nd3+ Bxd3 34. cxd3 d4+ 35. cxd4+ cxd4+ 36. Kf3 c5 37. a4 Kd5 38. Ke2 h5 39. Kf3 c4 40. Ke2 c3
41. Kd1 Kc5
0-1

[Event "8 Player Open 15"]
[Site "SchemingMind.com"]
[Date "2014.10.24"]
[Round "-"]
[White "emvarela"]
[Black "Mastermind_13"]
[Result "0-1"]
[WhiteCountry "ARG"]
[BlackCountry "USA"]
[WhiteElo "1700"]
[WhiteRD "51"]
[BlackElo "1708"]
[BlackRD "78"]
[GameID "367433"]

1. e4 c5 2. Nf3 e6 3. d4 cxd4 4. Nxd4 Nf6 5. Nc3 Nc6 6. Nxc6 bxc6 7. Bg5 Be7 8. Bd3 O-O 9. O-O Rb8 10. b3 Qa5
11. Ne2 Qxg5
0-1

[Event "8 Player Open 15"]
[Site "SchemingMind.com"]
[Date "2014.10.24"]
[Round "-"]
[White "Mastermind_13"]
[Black "emvarela"]
[Result "0-1"]
[WhiteCountry "USA"]
[BlackCountry "ARG"]
[WhiteElo "1680"]
[WhiteRD "67"]
[BlackElo "1695"]
[BlackRD "49"]
[GameID "367434"]

1. Nf3 Nf6 2. c4 e6 3. Nc3 Bb4 4. Qc2 O-O 5. g3 Bxc3 6. Qxc3 b6 7. Bg2 Bb7 8. O-O c5 9. b3 Nc6 10. Bb2 d5
11. cxd5 exd5 12. d4 cxd4 13. Nxd4 Nxd4 14. Qxd4 Qe7 15. Rac1 Rac8 16. Bh3 Rxc1 17. Rxc1 Qxe2 18. Rc7 Qe1+ 19. Kg2 Ba6 20. Rc1 Qe4+
21. Qxe4 Nxe4 22. Ba3 Re8 23. f3 Ng5 24. Bd7 Re2+ 25. Kg1 Nxf3+ 26. Kh1 Rxh2#
0-1

[Event "8 Player Open 15"]
[Site "SchemingMind.com"]
[Date "2014.10.19"]
[Round "-"]
[White "Scooter"]
[Black "Mastermind_13"]
[Result "1/2-1/2"]
[WhiteCountry "USA"]
[BlackCountry "USA"]
[WhiteElo "1752"]
[WhiteRD "44"]
[BlackElo "1661"]
[BlackRD "158"]
[GameID "367435"]

1. d4 d5 2. Nf3 c6 3. Bf4 Nf6 4. e3 e6 5. Be2 Bd6 6. Bxd6 Qxd6 7. c3 Nbd7 8. O-O O-O 9. Nbd2 Re8= 10. Qc2 Nf8=
11. e4 dxe4 12. Nxe4 Nxe4 13. Qxe4 Ng6 14. Bd3 Qf4 15. Rfe1 Qxe4 16. Bxe4 a5 17. Bxg6 hxg6 18. h3 f6 19. Nd2 b5 20. Nb3 Kf7
21. Nc5 e5 22. dxe5 Rxe5 23. Rxe5 fxe5 24. Rd1 Be6 25. Nxe6 Kxe6 26. f3 Ke7 27. Kf2 Rd8 28. Rxd8 Kxd8 29. Ke3 Ke7 30. Ke4 Ke6
31. b3 a4 32. bxa4 bxa4 33. a3 c5 34. c4 g5 35. g3 g6 36. f4 exf4 37. gxf4 gxf4 38. Kxf4 Kf6 39. Ke4 Ke6 40. Kf4 Kf6
41. h4 Ke6 42. Kg5 Kf7 43. Kf4=
1/2-1/2

[Event "8 Player Open 15"]
[Site "SchemingMind.com"]
[Date "2014.10.19"]
[Round "-"]
[White "Mastermind_13"]
[Black "Scooter"]
[Result "0-1"]
[WhiteCountry "USA"]
[BlackCountry "USA"]
[WhiteElo "1661"]
[WhiteRD "158"]
[BlackElo "1752"]
[BlackRD "44"]
[GameID "367436"]

1. e4 c6 2. d4 d5 3. Nc3 dxe4 4. Nxe4 Bf5 5. Ng3 Bg6 6. Nf3 Nd7 7. h4 h6 8. h5 Bh7 9. Bd3 Bxd3 10. Qxd3 Qc7
11. Bd2 O-O-O 12. O-O-O Ngf6 13. Kb1 e6 14. Ne4 Nxe4 15. Qxe4 Nf6 16. Qe2 Be7 17. Ne5 Bd6 18. f4 Bxe5 19. dxe5 Nd5 20. Qc4 Qb6
21. g4 Rd7 22. Rh3 Rhd8 23. Rb3 Qf2 24. Rd3 Nb6 25. Rxd7 Rxd7 26. Qb4 Qe2 27. Kc1 Nc4 28. Qf8+ Rd8 29. Qxf7 Nxd2 30. Qxe6+ Kb8
31. Qe7 Nb3+
0-1

[Event "8 Player Open 15"]
[Site "SchemingMind.com"]
[Date "2014.10.19"]
[Round "-"]
[White "Mastermind_13"]
[Black "Melancholicus"]
[Result "1-0"]
[WhiteCountry "USA"]
[BlackCountry "POL"]
[WhiteElo "1708"]
[WhiteRD "78"]
[BlackElo "1322"]
[BlackRD "119"]
[GameID "367437"]

1. e4 e6 2. d4 d5 3. Nc3 Nf6 4. e5 Nfd7 5. f4 a6 6. Nf3 c5 7. Be3 Nc6 8. Qd2 b5 9. Be2 Bb7 10. O-O Be7
11. dxc5 Nxc5 12. Nd4 Nxd4 13. Bxd4 b4 14. Nd1
1-0

[Event "8 Player Open 15"]
[Site "SchemingMind.com"]
[Date "2014.10.19"]
[Round "-"]
[White "Melancholicus"]
[Black "Mastermind_13"]
[Result "0-1"]
[WhiteCountry "POL"]
[BlackCountry "USA"]
[WhiteElo "1322"]
[WhiteRD "119"]
[BlackElo "1708"]
[BlackRD "78"]
[GameID "367438"]

1. d4 d5 2. c4 c6 3. e3 Nf6 4. Nc3 e6 5. Nf3 Nbd7 6. Bd3 Bd6 7. O-O O-O 8. Bd2 dxc4 9. Bxc4 c5 10. Rc1 a6
11. a3 b5 12. Ba2 Bb7
0-1